|
|
|
|
| LEADER |
01248ppm a22002898a 4500 |
| 001 |
00029872 |
| 005 |
20171026081022.0 |
| 008 |
121126s2008 ||||||viesd |
| 041 |
0 |
# |
|a vie
|
| 082 |
1 |
4 |
|b TR300S
|a 153.9
|
| 100 |
1 |
# |
|a Đinh, Ngọc Thắng
|
| 245 |
0 |
0 |
|a Trí sáng tạo của sinh viên năm thứ nhất trường Đại học sư phạm Đồng Tháp
|b Luận văn thạc sĩ tâm lý học. Chuyên ngành: Tâm lý học. Mã số: 60.31.80
|c Đinh Ngọc Thắng; Nguyễn Quang Uẩn (hướng dẫn)
|
| 260 |
# |
# |
|a Huế
|b Đại học sư phạm
|c 2008
|
| 300 |
# |
# |
|a 86 tr.
|c 30cm.
|b bảng biểu
|e 1 bản tóm tắt
|
| 500 |
# |
# |
|a ĐTTTS ghi: Bộ giáo dục và đào tạo. Đại học Huế. Trường Đại học sư phạm
|
| 653 |
# |
# |
|a Luận văn
|
| 653 |
# |
# |
|a Đại học Đồng Tháp
|
| 653 |
# |
# |
|a Tâm lý học
|
| 653 |
# |
# |
|a Sinh viên
|
| 653 |
# |
# |
|a Trí sáng tạo
|
| 700 |
1 |
# |
|a Nguyễn, Quang Uẩn
|e Hướng dẫn
|
| 852 |
# |
# |
|j LV.0000047
|
| 852 |
# |
# |
|b Kho đọc SĐH
|j LV.0000047
|
| 910 |
|
|
|d 26/11/2012
|
| 980 |
# |
# |
|a Trung tâm Học liệu Lê Vũ Hùng, Trường Đại học Đồng Tháp
|